El abc y d de la formación docente.

Guardat en:
Dades bibliogràfiques
Autor principal: Vaillant, Denise (autora)
Altres autors: Marcelo García, Carlos (autor)
Format: Llibre
Idioma:espanyol
Publicat: Madrid, España: Narcea, 2015.
Col·lecció:Educación Hoy Estudios.
Matèries:
Etiquetes: Afegir etiqueta
Sense etiquetes, Sigues el primer a etiquetar aquest registre!

MARC

LEADER 00000cam a2200000 a 4500
001 UCD2325
003 CL-VaPUC
005 20221109130255.0
008 160421e20150000sp |||||||||||||||||spa|d
999 |c 363487  |d 363485 
020 |a 9788427720855 
040 |c Pontificia Universidad Católica de Valparaíso 
082 0 4 |a 371.1 VAI 2015  |2 21 
100 0 |a Vaillant, Denise  |e autora  |9 585660 
245 1 3 |a El abc y d de la formación docente. 
260 |a Madrid, España:  |b Narcea,  |c 2015. 
300 |a 174 páginas.  
490 0 |a Educación Hoy Estudios. 
500 |a c.4 Donación (julio 2022) 
583 |a last modification  |c 20160421 23:07:00  |k Rodrigo Vera 
650 0 |a Formación docente   |9 494449 
650 0 |a Formación profesional de profesores  |9 307493 
700 |a Marcelo García, Carlos  |e autor  |9 585661 
942 |c BK  |2 ddc 
945 |d 20160421 23:07:00  |a arojas 
952 |0 0  |1 0  |3 erb  |4 0  |6 371_100000000000000_VAI_2015  |7 0  |8 A  |9 475939  |a BIBTEO  |b BIBTEO  |i 5282691  |o 371.1 VAI 2015  |p 5282691  |r 2025-01-17  |w 2019-11-24  |y BK  |z Catalogado en:20160421  |k ICR 
952 |0 0  |1 0  |3 erb  |4 0  |6 371_100000000000000_VAI_2015  |7 0  |8 A  |9 475940  |a BIBEDU  |b BIBEDU  |i 5335744  |o 371.1 VAI 2015  |p 5335744  |r 2019-11-24  |w 2019-11-24  |y BK  |z Catalogado en:20160807  |k EPE 
952 |0 0  |1 0  |3 erb  |4 0  |6 371_100000000000000_VAI_2015  |7 0  |8 A  |9 475941  |a BIBEDU  |b BIBEDU  |i 5358116  |o 371.1 VAI 2015  |p 5358116  |r 2019-11-24  |w 2019-11-24  |y BK  |z Catalogado en:20161230  |k EFI 
952 |0 0  |1 0  |2 ddc  |4 0  |6 371_100000000000000_VAI_2015  |7 0  |8 A  |9 587632  |a BIBEDU  |b BIBEDU  |c GEN  |d 2022-11-09  |e Donación   |i 5655512  |o 371.1 VAI 2015  |p 5655512  |r 2022-11-09  |t 4  |w 2022-11-09  |y BK  |k EPE